• 首页
  • 本馆介绍
  • 公告通知
  • 最新文献
  • 馆藏检索
  • 电子资源
  • 读者导购
  • 参考咨询
  • 我的图书馆
  • 登录
  • 详细信息显示
  • 放入我的书架
  • 预约/预借图书
  • 作者相关作品
  • 分类相关作品
  • 丛书相关作品
  • 出版社相关作品

书目信息

  • 表格格式
  • 工作单格式
  • 卡片格式
题名:
新课标读想用
    
 
作者: 张东升 , 于仁经 主编
分册: 下   九年级物理
出版信息: 北京   机械工业出版社  2005
页数: 301页
开本: 21cm
丛书名: 天骄之路中学系列
单 册:
中图分类: G633.73
科图分类:
主题词: 物理 , 物理--中学--教学参考资料
电子资源:
ISBN: 7-111-17462-3
000 01045oam2 2200277 450
001 010040030416
005 20061030092353.06
010    @a7-111-17462-3@dCNY12.80
100    @a20060213d2005 em y0chiy0110 ea
101 0  @achi
102    @aCN@b110000
105    @aa z 000yy
200 1  @a新课标读想用@9xin ke biao du xiang yong@i九年级物理@h下@e北师大版@f张东升,于仁经主编@Fzhang dong sheng,yu ren jing zhu bian
210    @a北京@c机械工业出版社@d2005
215    @a301页@c图@d21cm
225 2  @a天骄之路中学系列@f杜震主编
330    @a本书融入了近几年九年级物理教学科研的最新成果和中考的最新特点,遵循教、学、练、考的整体原则,各科以节(课)为点,以章为面,以点带面进行透彻详细的解说及训练。
410  0 @12001 @a天骄之路中学系列@1701 0@a杜震@Adu zhen@4主编
461  0 @12001 @a天骄之路中学系列
606 0  @a物理
606 0  @a物理@x中学@j教学参考资料
690    @aG633.73@v3
701  0 @a张东升@Azhang dong sheng@4主编
701  0 @a于仁经@Ayu ren jing@4主编
801  0 @aCN@bRENTIAN@c20061030
905    @a10447@dG633.73@e354:9(2)
    
    新课标读想用.九年级物理.下:北师大版/张东升,于仁经主编.-北京:机械工业出版社,2005
    301页:图;21cm.-(天骄之路中学系列/杜震主编)
    
    
    ISBN 7-111-17462-3:CNY12.80
    本书融入了近几年九年级物理教学科研的最新成果和中考的最新特点,遵循教、学、练、考的整体原则,各科以节(课)为点,以章为面,以点带面进行透彻详细的解说及训练。
●
相关链接 在E读中查询图书 在五车中查询图书 在当当中查询图书 在豆瓣中查询图书


正题名:新课标读想用     索取号:G633.73/354:9(2)         预约/预借

序号 登录号 条形码 馆藏地/架位号 状态 备注
1 0388475   203884751   第一样本阅览室/ [索取号:G633.73/354:9(2)] 在馆    
2 0388476   203884760   第四借阅区/ [索取号:G633.73/354:9(2)] 在馆    
3 0388477   203884779   第四借阅区/ [索取号:G633.73/354:9(2)] 在馆    
4 0388478   203884788   第四借阅区/ [索取号:G633.73/354:9(2)] 在馆    
5 0388479   203884797   第四借阅区/ [索取号:G633.73/354:9(2)] 在馆    
唐山师范学院图书馆 欢迎您!
大连网信软件有限公司© 版权所有